Normal view
MARC view
- QASMI, JAFAR RAZA
Entry Personal Name
001 - CONTROL NUMBER
- control field: 79983
003 - CONTROL NUMBER IDENTIFIER
- control field: NUST
005 - DATE AND TIME OF LATEST TRANSACTION
- control field: 20210628210552.0
008 - FIXED-LENGTH DATA ELEMENTS
- fixed length control field: 210628|| aca||aabn | a|a d
040 ## - CATALOGING SOURCE
- Original cataloging agency: NUST
- Transcribing agency: NUST
100 ## - HEADING--PERSONAL NAME
- Personal name: QASMI, JAFAR RAZA
670 ## - SOURCE DATA FOUND
- Source citation: Work cat.: (NUST): QASMI, JAFAR RAZA, A MANUAL ON REFRIGEARTION AIR CONDITIONING AND COLD STORAGE PRACTICE, 1969
